Statistics for Drummers

Click here to take the quiz!

General Stats

  • This quiz has been taken 8 times
  • The average score is 8 of 32

Answer Stats

HintAnswer% Correct
RushNeil Peart (RIP)
100%
Imagine DragonsDaniel Platzman
80%
SlipknotJay Weinberg
80%
QueenRoger Taylor
80%
SAINT PHNXAlan Jukes
60%
twenty one pilotsJosh Dun
60%
KALEODavid Antonsson
40%
OneRepublicEddie Fisher
40%
The Unlikely CandidatesKevin Goddard
40%
The ScoreLogan Baldwin
40%
Foster The PeopleMark Pontius
40%
ColdplayWill Champion
40%
Fall out BoyAndy Hurley
20%
311Chad Sexton
20%
AJRChris Berry
20%
American AuthorsMatt Sanchez
20%
NFRhett Noland
20%
X AmbassadorsAdam Levin
0%
The Band CAMINOAndrew Isbell
0%
The FrayBen Wysocki
0%
half•aliveBrett Kramer
0%
Greta Van FleetDaniel Wagner
0%
The CabDave Briggs
0%
grandsonDavid Rehmann
0%
The ScriptGlen Power
0%
DREAMERSJacob Wick
0%
MISSIOJaydon Bean
0%
Theory of a DeadmanJoey Dandeneau
0%
The Blue StonesJustin Tessier
0%
Welshly ArmsMichael Gould
0%
Dermot KennedyMicheal Quinn
0%
Thirty Seconds to MarsShannon Leto
0%

Score Distribution

Percentile by Number Answered

Percent of People with Each Score

Your Score History

You have not taken this quiz